| 000 | 00353nam a2200145Ia 4500 | ||
|---|---|---|---|
| 008 | 240712s9999||||xx |||||||||||||| ||und|| | ||
| 020 | _a9.789380438e+012 | ||
| 082 |
_a610 _bGUP/M |
||
| 100 | _aGupta Ashish | ||
| 245 | 0 | _aMedicine For Pgmee | |
| 250 | _a3rd Edition | ||
| 260 |
_aGorakhpur _bPulse Publication _c2010 |
||
| 300 | _a573p. | ||
| 942 | _cBK | ||
| 999 |
_c44522 _d44522 |
||